| 000 | 02407nam a2200229Ia 4500 | ||
|---|---|---|---|
| 999 |
_c35061 _d35061 |
||
| 003 | OSt | ||
| 005 | 20210203111326.0 | ||
| 008 | 160316s2012 xxu||||| |||| 00| 0 eng d | ||
| 020 | _a9788194284826 | ||
| 040 | _cn | ||
| 082 |
_a341.481000 _bJOS-2 |
||
| 100 | _aJoshi K C | ||
| 245 | _aInternational law and human rights | ||
| 250 | _a2nd | ||
| 260 |
_aLucknow _bEastern Book Co. _c2012 |
||
| 300 |
_a544p _cxli |
||
| 365 | _b Rs. 585 | ||
| 505 | _aTTable Of Contents: Table of Cases Part I INTERNATIONAL LAW 1 . Introduction 2 . Sources and Evidences of International Law 3 . Codification of International Law 4 . Relation Between International Law and State Law 5. Subjects of International Law 6 . Recognition of States and Governments 7 . State Territory 8 . State Jurisdiction 9 . Law of the Sea 10 . State Responsibility 11 . State Succession 12 . Heads of States and Diplomatic Envoys 13 . Consular Relations 14 . Air Space and Outer Space 15 . Individual and the State 16 . Treaties 17 . International Organisations 18 . The Specialised Agencies 19 . Collective Security 20 . Regionalism and International Organisations 21 . Disarmament 22 . International Economic Law 23 . Settlement of International Disputes 24 . War and Armed Conflict 25 . Termination of War and Postliminium 26 . Enemy Character 27 . Law of War: International Humanitarian Law 28 . Belligerent Occupation 29 . Laws of Maritime Warfare 30 . War Crimes 31 . Neutrality 32 . Economic Warfare 33 . International Terrorism 34 . International Criminal Court 35 . Environment and International Law Part II HUMAN RIGHTS 36 . Human Rights 37 . Human Rights and Humanitarian Law 38 . Social Inclusion of Human Rights 39 . Universal Declaration of Human Rights 40 . International Covenants on Human Rights 41 . Prevention of Inhuman Acts 42 . Protection of Vulnerable Groups 43 . Regional Conventions on Human Rights 44 . Human Duties and Responsibilities 45 . Declaration on Human Rights Defenders 46 . Global Alliance of National Human Rights Institutions (GANHRI) 47 . Human Rights in India 48 . Human Rights Commissions in India Subject Index | ||
| 650 | _a1.International Law - Human Rights | ||
| 700 |
_a _a |
||
| 942 |
_2ddc _cBK |
||